LEADER 01396nam a2200289 u 4500 001 000000118172 003 CaOOAMICUS 005 20091120111041.0 008 091120s1980 it u000 u eng r 040 $aPUL$bita$dMCT 041 0 $aeng$afre$aspa 245 00$aSalvation :$bin Christianity and other religions = Le salut : dans le Christianisme et les autres religions. 246 30$aSalut : dans le Christianisme et les autres religions 260 $aRome :$bGregorian University Press,$c1980. 300 $a336 p. ;$c25 cm 490 1 $aStudia missionalia ;$v29 504 $aBibliografia in nota. 546 $aTesti in inglese, francese e spagnolo. 650 4$aSalvezza$xCritica e interpretazione.$0(OLS)http://pul/subject/17416 650 4$aSpiritualitą.$0(OLS)http://pul/subject/843 830 0$aStudia missionalia ;$v29.$0(OLS)http://pul/title/228 850 $aPUL 852 $aPUL$W1$xDP1 Cons. Gen., Altre Classi 1$y22$m781 F 2$j135618$qStampati$B134594$CPULBib$Z2$F134594 $H67294 $82 941 1 $a8 996 $6246$aSalut : dans le Christianisme et les autres religions$9(OLS)http://pul/title/148731 996 $6245$aSalvation :$bin Christianity and other religions = Le salut : dans le Christianisme et les autres religions$9(OLS)http://pul/title/148730 996 $6260$aRome :$bGregorian University Press$9(OLS)http://pul/publisher/53119 LEADER 01115nam a2200253 a 4500 001 000000135163 003 CaOOAMICUS 005 20130819110156.0 008 130819s2012 it 001 u ita r 020 $z978-886528141-3* 040 $aPUL$bita 100 1 $aCassiani, Gennaro,$d1965-$0(OLS)http://pul/name/87065 245 12$aL'itinerario di Giovanni Paolo II nelle "geografie spirituali" del Mediterraneo /$cGennaro Cassiani. 260 $aPisa :$bEdizioni il Campano,$c2012. 300 $a280 p. ;$c22 cm. 504 $aBibliografia p. 255-272. 611 24$aConcilium Vaticanum$n(2 :$d1962-1965)$xCritica e interpretazione.$0(OLS)http://pul/subject/2088 850 $aPUL 852 $aPUL$W1$xFondo C.V.II$y119$mBIO 13$j155671$qFondi$B155158$CPULBib$Z2$F155158 $HCVII 98 $82 941 1 $a1 996 $6020$z978-886528141-3*$9(OLS)http://pul/number/153395 996 $6245$aL'itinerario di Giovanni Paolo II nelle "geografie spirituali" del Mediterraneo$9(OLS)http://pul/title/170935 996 $6260$aPisa :$bEdizioni il Campano$9(OLS)http://pul/publisher/80207